Stolice Świata (z mapą) - Statystyki

Ogólne statystyki
  • Ten quiz został rozwiązany 156 razy
  • Średni wynik to 65 z 196
Odpowiedzi na mapie
Odpowiedzi zakodowano w zielono-czerwonej skali na mapie do tego quizu, zgodnie z poniższymi procentami.
 
Statystyki odpowiedzi
Stolica % Poprawnych
Warszawa
79%
Moskwa
70%
Berlin
69%
Londyn
68%
Waszyngton, D.C.
68%
Paryż
67%
Kijów
66%
Ottawa
66%
Mińsk
65%
Oslo
65%
Wilno
65%
Madryt
64%
Rzym
64%
Tokio
64%
Helsinki
63%
Lizbona
63%
San Marino
63%
Watykan
63%
Praga
62%
Dublin
61%
Meksyk
61%
Wiedeń
61%
Amsterdam
60%
Andora
60%
Sztokholm
60%
Ateny
59%
Budapeszt
59%
Monako
59%
Reykjavík
59%
Tallinn
59%
Bruksela
58%
Luksemburg
58%
Ryga
58%
Zagrzeb
58%
Bukareszt
57%
Sofia
57%
Kopenhaga
56%
Bratysława
55%
Pekin
54%
Berno
52%
Brasília
52%
Ankara
51%
Seul
51%
Buenos Aires
50%
Kiszyniów
50%
Lublana
50%
Tirana
50%
Vaduz
50%
Nowe Delhi
49%
Valletta
49%
Kair
48%
Sarajewo
48%
Belgrad
47%
Canberra
46%
Jerozolima
46%
Podgorica
46%
Teheran
45%
Nikozja
44%
Prisztina
44%
Skopje
44%
Algier
42%
Baku
42%
Lima
42%
Montevideo
42%
Panama
42%
Rijad
42%
Hawana
41%
Bogota
39%
Nursułtan
39%
Santiago
39%
Tunis
39%
Dżakarta
38%
La Paz / Sucre
38%
Pjongjang
38%
Ułan Bator
38%
Bagdad
37%
Bangkok
37%
Manila
37%
Damaszek
36%
Hanoi
36%
Kabul
36%
Quito
36%
Singapur
36%
Tbilisi
36%
Abu Zabi
35%
Caracas
35%
Pretoria / Kapsztad / Bloemfontein
35%
Rabat
35%
Wellington
35%
Erywań
33%
Nairobi
33%
Antananarywa
32%
Dhaka
32%
Ad-Dauha
30%
Bejrut
30%
Kingston
30%
Kingstown
30%
Male
30%
San Salvador
30%
Addis Abeba
29%
Dakar
29%
Kuala Lumpur
29%
Kuwejt
28%
Port-au-Prince
28%
Gwatemala
27%
Islamabad
27%
Trypolis
27%
Asunción
26%
Chartum
26%
Katmandu
26%
Kinszasa
26%
San José
26%
Tajpej
26%
Biszkek
25%
Phnom Penh
25%
Sana
25%
Amman
24%
Luanda
24%
Wientian
24%
Dżibuti
23%
Santo Domingo
23%
Sri Dźajawardanapura Kotte
23%
Nassau
22%
Maskat
21%
Mogadiszu
21%
Taszkent
21%
Akra
20%
Belmopan
20%
Bissau
20%
Georgetown
20%
Manama
20%
Port-of-Spain
20%
Freetown
19%
Port Moresby
19%
Abudża
18%
Brazzaville
18%
Kampala
18%
Libreville
18%
Lomé
18%
Managua
18%
Duszanbe
17%
Lusaka
17%
Paramaribo
17%
São Tomé
17%
Suva
17%
Tegucigalpa
17%
Aszchabad
16%
Bridgetown
16%
Dodoma
16%
Ndżamena
16%
Bamako
15%
Dili
15%
Gaborone
15%
Harare
15%
Niamey
15%
Porto-Novo
15%
Port Vila
15%
Dżuba
14%
Jaunde
14%
Lilongwe
14%
Naypyidaw
14%
Port Louis
14%
Roseau
14%
Wagadugu
14%
Asmara
13%
Bandżul
13%
Kigali
13%
Maputo
13%
Nawakszut
13%
Tarawa
13%
Victoria
13%
Bangi
12%
Funafuti
12%
Gitega
12%
Malabo
12%
Praia
12%
Saint George's
12%
Saint John’s
12%
Windhuk
12%
Yaren
12%
Apia
11%
Bandar Seri Begawan
11%
Jamusukro
11%
Konakry
11%
Majuro
11%
Maseru
11%
Nuku'alofa
11%
Thimphu
11%
Basseterre
10%
Honiara
10%
Mbabane
10%
Monrovia
10%
Moroni
10%
Palikir
10%
Castries
9%
Ngerulmud
9%
Nie znaleziono quizów pasujących do podanych kryteriów
Rozkład punktacji
Procent ludzi z każdym wynikiem
Percentyl według liczby udzielonych odpowiedzi
Twoja historia wyników
Nie rozwiązałeś tego quizu